| 000 | 02881nam a22006017a 4500 | ||
|---|---|---|---|
| 003 | CHAP | ||
| 005 | 20220817042348.0 | ||
| 008 | 971013s r 00010 d | ||
| 010 | _a42206 | ||
| 011 | _a43178 | ||
| 035 | _a47314 | ||
| 040 | _cCHAP | ||
| 082 |
_a331.2972 _bM49 |
||
| 110 |
_aMéxico. Dirección General de Estadística _976986 |
||
| 245 | _aTrabajo y salarios industriales, 19 - | ||
| 260 |
_aMéxico, D.F. : _bLa Dirección, _c19 - |
||
| 300 | _av | ||
| 500 | _aLa biblioteca tiene: 1963, 1965-1975, 1978-1982, 1983 | ||
| 500 | _aTít. varía: Estadística de trabajo y salarios industriales | ||
| 590 |
_aBATCH-UPD _b10 _c20130110 _lUCH01 _h0232 |
||
| 590 |
_aBATCH-UPD _b10 _c20130110 _lUCH01 _h1607 |
||
| 590 |
_aBATCH-UPD _b10 _c20130409 _lUCH01 _h2255 |
||
| 590 |
_aBATCH-UPD _b10 _c20130914 _lUCH01 _h1823 |
||
| 590 |
_aCONVERSION _b10 _c20130109 _lUCH01 _h1323 |
||
| 650 | 1 | 4 |
_aMéxico _xCondiciones económicas. |
| 650 | 1 | 4 |
_aSalarios _zMéxico. _9101273 |
| 650 | 1 | 4 |
_aTrabajo y trabajadores _xEstadísticas. _9114522 |
| 901 | _aBK | ||
| 942 | _cLIBRO | ||
| 949 |
_a331.2972 M49 _bBC _cC _d-151002 _eC _f1982 _h61228 _i47314 _si |
||
| 949 |
_a331.2972 M49 _bBC _cC _d33724000529665 _eC _f1970 _h33547 _i47314 _si |
||
| 949 |
_a331.2972 M49 _bBC _cC _d33724000530259 _eC _f1972 _h34690 _i47314 _si |
||
| 949 |
_a331.2972 M49 _bBC _cC _d33724000530267 _eC _f1973 _h11375 _i47314 _si |
||
| 949 |
_a331.2972 M49 _bBC _cC _d33724000530283 _eC _f1983 _h66112 _i47314 _mD _si |
||
| 949 |
_a331.2972 M49 _bBC _cC _d33724000530291 _eC _f1979 _h57322 _i47314 _si |
||
| 949 |
_a331.2972 M49 _bBC _cC _d33724000530309 _eC _f1971 _h11369 _i47314 _si |
||
| 949 |
_a331.2972 M49 _bBC _cC _d33724000530374 _eC _f1965 _h4475 _i47314 _si |
||
| 949 |
_a331.2972 M49 _bBC _cC _d33724000530382 _eC _f1968 _h2558 _i47314 _si |
||
| 949 |
_a331.2972 M49 _bBC _cC _d33724000530408 _eC _f1978 _h56265 _i47314 _si |
||
| 949 |
_a331.2972 M49 _bBC _cC _d33724000530416 _eC _f1975 _h11373 _i47314 _si |
||
| 949 |
_a331.2972 M49 _bBC _cC _d33724000530499 _eC _f1967 _h13564 _i47314 _si |
||
| 949 |
_a331.2972 M49 _bBC _cC _d33724000530507 _eC _f1965 c.2 _h2632 _i47314 _si |
||
| 949 |
_a331.2972 M49 _bBC _cC _d33724000530515 _eC _f1969 _h15708 _i47314 _si |
||
| 949 |
_a331.2972 M49 _bBC _cC _d33724000530523 _eC _f1966 _h12127 _i47314 _si |
||
| 949 |
_a331.2972 M49 _bBC _cC _d33724000530531 _eC _f1963 _h4476 _i47314 _si |
||
| 949 |
_a331.2972 M49 _bBC _cC _d33724000530648 _eC _f1981 c.2 _h63350 _i47314 _si |
||
| 949 |
_a331.2972 M49 _bBC _cC _d33724000530655 _eC _f1980 _h57323 _i47314 _si |
||
| 949 |
_a331.2972 M49 _bBC _cC _d33724000530663 _eC _f1979 c.2 _h61598 _i47314 _si |
||
| 949 |
_a331.2972 M49 _bBC _cC _d33724000530671 _eC _f1974 _h30158 _i47314 _si |
||
| 949 |
_a331.2972 M49 _bBC _cC _d33724000530762 _eC _f1981 _h61228 _i47314 _si |
||
| 949 |
_a331.2972 M49 _bBC _cC _d33724000530770 _eC _f1972 c.2 _h46974 _i47314 _si |
||
| 949 |
_a331.2972 M49 _bBC _cC _d33724000530788 _eC _f1982 c.2 _h63062 _i47314 _si |
||
| 999 |
_c42206 _d42206 |
||